Machine Shop Practice, 2/e, Vol. 1 (Record no. 267936)
[ view plain ]
| 000 -LEADER | |
|---|---|
| fixed length control field | 00285 a2200121 4500 |
| 001 - CONTROL NUMBER | |
| control field | 32863 |
| 082 ## - DEWEY DECIMAL CLASSIFICATION NUMBER | |
| Classification number | 670.423 MOL |
| 090 ## - LOCALLY ASSIGNED LC-TYPE CALL NUMBER (OCLC); LOCAL CALL NUMBER (RLIN) | |
| -- | 22036 |
| -- | 22036 |
| 100 ## - MAIN ENTRY--PERSONAL NAME | |
| Personal name | Moltrecht,K.H |
| 245 ## - TITLE STATEMENT | |
| Title | Machine Shop Practice, 2/e, Vol. 1 |
| 250 ## - EDITION STATEMENT | |
| Edition statement | 2 |
| 260 ## - PUBLICATION, DISTRIBUTION, ETC. | |
| Place of publication, distribution, etc. | NY |
| Name of publisher, distributor, etc. | Industrial Press Inc |
| Date of publication, distribution, etc. | 1981 |
| 942 ## - ADDED ENTRY ELEMENTS (KOHA) | |
| Institution code [OBSOLETE] | NUST-CAE |
| Call number prefix | 670.423 MOL |
| Withdrawn status | Lost status | Damaged status | Not for loan | Collection code | Permanent Location | Current Location | Date acquired | Total Checkouts | Full call number | Barcode | Date last seen | Price effective from | Koha item type |
|---|---|---|---|---|---|---|---|---|---|---|---|---|---|
| College of Aeronautical Engineering (CAE) | College of Aeronautical Engineering (CAE) | 04/03/2017 | 670.423 MOL | CAEN-2685 | 04/05/2017 | 04/05/2017 | Book | ||||||
| College of Aeronautical Engineering (CAE) | College of Aeronautical Engineering (CAE) | 04/03/2017 | 670.423 MOL | CAEN-2686 | 04/05/2017 | 04/05/2017 | Book |
